| 000 | 00516nam a22001577a 4500 | ||
|---|---|---|---|
| 005 | 20260302120007.0 | ||
| 008 | 260302b |||||||| |||| 00| 0 eng d | ||
| 020 | _a978-1-394-17308-2 | ||
| 100 | _aHOWARD, RICK | ||
| 245 |
_aCYBERSECURITY FIRST PRINCIPLES _bA REBOOT OF STRATEGY AND TACTICS |
||
| 260 |
_aHOBOKEN, NEW JERSEY _bJOHN WILEY _c2023 |
||
| 300 | _aXXIII, 374P. | ||
| 500 | _aINCLUDES INDEX | ||
| 650 | _a1. COMPUTER SECURITY 2. CYBERSECURITY -STRATEGY 3. COMPUTER NETWORKS -SECURITY | ||
| 942 |
_2lcc _cBK |
||
| 999 |
_c216732 _d216732 |
||